Investičné a podnikateľské prostredie vybraných krajín subsaharskej Afriky – Juhoafrickej republiky, Etiópie a Angoly diplomová práca

Salvato in:
Dettagli Bibliografici
Autore principale: Lizáková, Klaudia
Ente Autore: Obchodná fakulta EU. Katedra medzinárodného obchodu
Altri autori: Baumgartner, Boris
Natura: Libro
Lingua:slovacco
Pubblicazione: Bratislava 2018
Tags: Aggiungi Tag
Nessun Tag, puoi essere il primo ad aggiungerne!!

MARC

LEADER 00000nbm a2200000 4500
001 0243216
005 20181003112933.7
041 0 |a slo 
044 |a SK 
245 1 0 |a Investičné a podnikateľské prostredie vybraných krajín subsaharskej Afriky – Juhoafrickej republiky, Etiópie a Angoly  |b diplomová práca  |c Klaudia Lizáková ; školiteľ: Boris Baumgartner 
264 1 |a Bratislava  |c 2018 
300 |a 84 s. 
100 1 |a Lizáková, Klaudia 
700 1 |a Baumgartner, Boris 
710 2 |a Obchodná fakulta EU. Katedra medzinárodného obchodu